[Event "Titled Tuesday intern op 16th Apr Early"]
[Site "Chess.com INT"]
[Date "2024.04.16"]
[Round "2"]
[White "Khripachenko, Alexander"]
[Black "Khoroshev, Nikita"]
[Result "1-0"]
[WhiteElo "2371"]
[BlackElo "2353"]
[PlyCount "45"]
[EventDate "2024.04.16"]
[EventType "swiss (blitz)"]
[EventRounds "11"]
[EventCountry "USA"]
[SourceTitle "CB17_2024"]
[SourceDate "2024.04.24"]
[SourceVersion "1"]
[SourceVersionDate "2024.04.24"]
[SourceQuality "1"]

1. e4 e5 2. Nf3 Nc6 3. Bb5 a6 4. Ba4 Nf6 5. 0-0 b5 6. Bb3 Bb7 7. Re1 Bc5 8. c3 d6 9. d4 Bb6 10. a4 h6 11. Be3 0-0 12. axb5 axb5 13. Rxa8 Qxa8 14. dxe5 Nxe5 15. Bxb6 cxb6 16. Qxd6 Nxf3+ 17. gxf3 Qa1 18. Qd2 Qa8 19. Na3 Rd8 20. Qf4 Bc6 21. Nc2 Qc8 22. Nd4 Nh5 23. Qxf7+ 1-0

[Event "Titled Tuesday intern op 16th Apr Early"]
[Site "Chess.com INT"]
[Date "2024.04.16"]
[Round "4"]
[White "Porozhniak, Maya"]
[Black "Khoroshev, Nikita"]
[Result "1-0"]
[WhiteElo "1930"]
[BlackElo "2353"]
[PlyCount "95"]
[EventDate "2024.04.16"]
[EventType "swiss (blitz)"]
[EventRounds "11"]
[EventCountry "USA"]
[SourceTitle "CB17_2024"]
[SourceDate "2024.04.24"]
[SourceVersion "1"]
[SourceVersionDate "2024.04.24"]
[SourceQuality "1"]

1. e4 e5 2. Nf3 Nc6 3. d4 exd4 4. c3 dxc3 5. Bc4 d6 6. 0-0 Be7 7. Nxc3 Nf6 8. h3 0-0 9. a3 Ne5 10. Nxe5 dxe5 11. Qb3 c6 12. Be3 Qc7 13. Rfd1 b5 14. Be2 Be6 15. Qc2 a5 16. Nxb5 Qb7 17. Nd6 Qb8 18. Nc4 a4 19. Rd2 Nd7 20. Rad1 Nc5 21. f3 Nb3 22. Rd3 Nd4 23. Bxd4 exd4 24. Kh1 Qb5 25. Nd2 Qe5 26. Nc4 Qg3 27. Rxd4 Bxh3 28. gxh3 Qxh3+ 29. Kg1 Bc5 30. Ne3 Bxd4 31. Rxd4 Qg3+ 32. Ng2 Ra5 33. Qc3 Rg5 34. Bf1 h5 35. f4 Rg6 36. Qxg3 Rxg3 37. Kh2 Rb3 38. Rd2 Re8 39. e5 Rf3 40. Be2 Rb3 41. Bxh5 g6 42. Bd1 Reb8 43. Bxb3 Rxb3 44. Rc2 Rb6 45. Kg1 Kg7 46. Kf2 Kh6 47. Ne3 Kh5 48. Kf3 1-0

[Event "Titled Tuesday intern op 02nd Apr Early"]
[Site "Chess.com INT"]
[Date "2024.04.02"]
[Round "6"]
[White "Mestnikov, Aisen"]
[Black "Khoroshev, Nikita"]
[Result "1-0"]
[WhiteElo "2095"]
[BlackElo "2353"]
[PlyCount "39"]
[EventDate "2024.04.02"]
[EventType "swiss (blitz)"]
[EventRounds "11"]
[EventCountry "USA"]
[SourceTitle "CB15_2024"]
[SourceDate "2024.04.10"]
[SourceVersion "1"]
[SourceVersionDate "2024.04.10"]
[SourceQuality "1"]

1. d4 d5 2. c4 dxc4 3. e4 Nf6 4. e5 Nd5 5. Bxc4 Nb6 6. Bd3 Nc6 7. Ne2 Nb4 8. Be4 f5 9. exf6 exf6 10. Nbc3 Be7 11. a3 N4d5 12. 0-0 0-0 13. Nf4 Nxf4 14. Bxf4 c6 15. Qb3+ Kh8 16. Rad1 f5 17. Bf3 Bd6 18. Be5 Re8 19. Qf7 Qe7 20. Bxg7# 1-0

[Event "Titled Tuesday intern op 02nd Apr Early"]
[Site "Chess.com INT"]
[Date "2024.04.02"]
[Round "10"]
[White "Romero Arzuaga, Yudel"]
[Black "Khoroshev, Nikita"]
[Result "0-1"]
[WhiteElo "2231"]
[BlackElo "2353"]
[PlyCount "70"]
[EventDate "2024.04.02"]
[EventType "swiss (blitz)"]
[EventRounds "11"]
[EventCountry "USA"]
[SourceTitle "CB15_2024"]
[SourceDate "2024.04.10"]
[SourceVersion "1"]
[SourceVersionDate "2024.04.10"]
[SourceQuality "1"]

1. d4 Nf6 2. Nf3 c5 3. e3 b6 4. Be2 Bb7 5. 0-0 g6 6. b3 Bg7 7. Bb2 0-0 8. c4 cxd4 9. Nxd4 d5 10. Nc3 dxc4 11. Bxc4 Nc6 12. Nxc6 Bxc6 13. Qe2 Qd7 14. Rfd1 Qf5 15. Rac1 Rfd8 16. a4 h5 17. h3 Qg5 18. f4 Qg3 19. Qf2 Qxf2+ 20. Kxf2 Ne4+ 21. Nxe4 Bxb2 22. Rxd8+ Rxd8 23. Rc2 Bxe4 24. Rxb2 Kf8 25. g3 f6 26. Be2 e5 27. Bf3 Bf5 28. e4 Bxh3 29. Rc2 Ke7 30. Ke3 Rc8 31. Rxc8 Bxc8 32. fxe5 fxe5 33. Be2 a5 34. Bc4 Be6 35. Kd3 g5 0-1

[Event "Titled Tuesday intern op 26th Sep Early"]
[Site "Chess.com INT"]
[Date "2023.09.26"]
[Round "11"]
[White "Devaev, Alexander"]
[Black "Khoroshev, Nikita"]
[Result "0-1"]
[WhiteElo "2325"]
[BlackElo "2359"]
[PlyCount "64"]
[EventDate "2023.09.26"]
[EventType "swiss (blitz)"]
[EventRounds "11"]
[EventCountry "USA"]
[SourceTitle "EXT 2024"]
[Source "ChessBase"]
[SourceDate "2023.10.10"]
[SourceVersion "1"]
[SourceVersionDate "2023.10.10"]
[SourceQuality "1"]

1. d4 Nf6 2. c4 g6 3. Nc3 Bg7 4. e4 d6 5. Nf3 0-0 6. h3 Na6 7. Bg5 c5 8. d5 h6 9. Be3 e6 10. Qd2 exd5 11. exd5 Re8 12. Bd3 Nb4 13. Bb1 b5 14. a3 bxc4 15. axb4 cxb4 16. Nd1 Bb7 17. 0-0 Nxd5 18. Bxh6 c3 19. bxc3 bxc3 20. Qc1 Qf6 21. Bg5 Qe6 22. Ba2 Qf5 23. Bxd5 Bxd5 24. Ne3 Rxe3 25. Qxe3 c2 26. Rac1 a5 27. Nd4 Bxd4 28. Qxd4 Qxg5 29. g3 Rc8 30. Kh2 Be6 31. h4 Qf5 32. Rfe1 a4 0-1

[Event "Issykkul op"]
[Site "Korumdu"]
[Date "2023.07.14"]
[Round "5"]
[White "Pakhomov, Egor"]
[Black "Khoroshev, Nikita"]
[Result "1/2-1/2"]
[WhiteElo "2408"]
[BlackElo "2336"]
[PlyCount "112"]
[EventDate "2023.07.12"]
[EventType "swiss"]
[EventRounds "10"]
[EventCountry "KGZ"]
[SourceTitle "CBM 215 Extra"]
[Source "ChessBase"]
[SourceDate "2023.09.30"]
[SourceVersion "1"]
[SourceVersionDate "2023.09.30"]
[SourceQuality "1"]

1. c4 Nf6 2. Nf3 g6 3. b3 Bg7 4. Bb2 0-0 5. g3 c6 6. Bg2 d5 7. 0-0 a5 8. a3 Bg4 9. h3 Bxf3 10. Bxf3 e6 11. d3 Nbd7 12. Qc2 Qb6 13. Nd2 Rfd8 14. Rfc1 Ne8 15. Rab1 Qa7 16. Bxg7 Nxg7 17. Bg2 Qd4 18. e3 Qf6 19. d4 h5 20. b4 axb4 21. axb4 Nf5 22. b5 Kg7 23. Qb2 Rac8 24. Qa3 Ra8 25. Qb2 Rac8 26. Nb3 Nd6 27. Na5 cxb5 28. cxd5 e5 29. Nb3 exd4 30. Qxd4 Rc4 31. Qxf6+ Nxf6 32. Nd4 Rdc8 33. Rd1 R4c5 34. Nb3 Rc3 35. Nd4 R3c5 36. f3 Nxd5 37. Nb3 Nc3 38. Nxc5 Rxc5 39. Rxd6 Nxb1 40. Rb6 Rc1+ 41. Kf2 Rc2+ 42. Kg1 Rc1+ 43. Kf2 Nc3 44. Bf1 Rc2+ 45. Ke1 Nd5 46. Rxb5 Nxe3 47. Bd3 Rh2 48. Rxb7 g5 49. Rb5 Kf6 50. h4 gxh4 51. gxh4 Rxh4 52. Kf2 Nd1+ 53. Kg3 Rd4 54. Be4 Nc3 55. Rxh5 Nxe4+ 56. fxe4 Rxe4 1/2-1/2

[Event "Issykkul op"]
[Site "Korumdu"]
[Date "2023.07.13"]
[Round "3"]
[White "Khoroshev, Nikita"]
[Black "Gleizerov, Evgeny"]
[Result "1-0"]
[WhiteElo "2336"]
[BlackElo "2409"]
[PlyCount "65"]
[EventDate "2023.07.12"]
[EventType "swiss"]
[EventRounds "10"]
[EventCountry "KGZ"]
[SourceTitle "CBM 215 Extra"]
[Source "ChessBase"]
[SourceDate "2023.09.30"]
[SourceVersion "1"]
[SourceVersionDate "2023.09.30"]
[SourceQuality "1"]

1. e4 e6 2. d4 d5 3. Nc3 Nf6 4. Bg5 Be7 5. e5 Nfd7 6. Bxe7 Qxe7 7. f4 0-0 8. Nf3 c5 9. Nb5 cxd4 10. Bd3 Qb4+ 11. Qd2 Qxd2+ 12. Kxd2 Nc6 13. a3 Nc5 14. Nbxd4 Bd7 15. Rhe1 a6 16. Re3 b5 17. Nxc6 Bxc6 18. Nd4 Bb7 19. Ke2 Rac8 20. g4 f6 21. Rf1 Rce8 22. b3 Ne4 23. Bxe4 dxe4 24. Rc3 Bd5 25. exf6 gxf6 26. Rg1 Rc8 27. Rgg3 Kf7 28. Kd2 Ke7 29. Rh3 e3+ 30. Rcxe3 Rf7 31. Nxe6 Bxe6 32. f5 Rc6 33. Re4 1-0

[Event "Titled Tuesday intern op 27th Jun Early"]
[Site "Chess.com INT"]
[Date "2023.06.27"]
[Round "2"]
[White "Khoroshev, Nikita"]
[Black "Rosh, Jain"]
[Result "0-1"]
[WhiteElo "2336"]
[BlackElo "2248"]
[PlyCount "94"]
[EventDate "2023.06.27"]
[EventType "swiss (blitz)"]
[EventRounds "11"]
[EventCountry "USA"]
[SourceTitle "EXT 2024"]
[Source "ChessBase"]
[SourceDate "2023.10.10"]
[SourceVersion "1"]
[SourceVersionDate "2023.10.10"]
[SourceQuality "1"]

1. Nf3 d5 2. g3 e6 3. Bg2 Bd6 4. b3 Nf6 5. Bb2 0-0 6. 0-0 Nbd7 7. c4 c6 8. d4 Ne4 9. Ne1 f5 10. Nd3 Qg5 11. Bc1 Qh5 12. Bf4 Be7 13. f3 Bf6 14. e3 Ng5 15. g4 fxg4 16. fxg4 Qg6 17. h4 Ne4 18. g5 Be7 19. Qc2 Qh5 20. Bxe4 dxe4 21. Nf2 Qxh4 22. Nxe4 e5 23. Bg3 Rxf1+ 24. Kxf1 Qh1+ 25. Kf2 exd4 26. exd4 Nb6 27. Qe2 Bh3 28. Nf6+ Bxf6 29. gxf6 Qg2+ 30. Ke1 Qxg3+ 31. Kd2 Qf4+ 32. Kc3 Qxf6 33. Nd2 c5 34. Qe5 cxd4+ 35. Qxd4 Qxd4+ 36. Kxd4 Rd8+ 37. Ke3 Bf5 38. Nf3 Rd3+ 39. Kf4 g6 40. Re1 Rd8 41. Re7 Rd7 42. Re8+ Kg7 43. Ne5 Rc7 44. Ke3 g5 45. Kd4 h5 46. c5 Nd7 47. Re7+ Kf6 0-1

[Event "Titled Tuesday intern op 13th Jun Late"]
[Site "Chess.com INT"]
[Date "2023.06.13"]
[Round "2"]
[White "Buchenau, Frank"]
[Black "Khoroshev, Nikita"]
[Result "1-0"]
[WhiteElo "2222"]
[BlackElo "2336"]
[PlyCount "33"]
[EventDate "2023.06.13"]
[EventType "swiss (blitz)"]
[EventRounds "11"]
[EventCountry "USA"]
[SourceTitle "EXT 2024"]
[Source "ChessBase"]
[SourceDate "2023.10.10"]
[SourceVersion "1"]
[SourceVersionDate "2023.10.10"]
[SourceQuality "1"]

1. e4 d5 2. exd5 Nf6 3. Nf3 Nxd5 4. d4 Bf5 5. Bd3 Bxd3 6. Qxd3 c6 7. 0-0 e6 8. c4 Nf6 9. Nc3 Be7 10. Re1 0-0 11. Bf4 Nbd7 12. Rad1 Re8 13. d5 exd5 14. cxd5 cxd5 15. Nxd5 Nxd5 16. Qxd5 Nf6 17. Qxb7 1-0

[Event "Titled Tuesday intern op 13th Jun Late"]
[Site "Chess.com INT"]
[Date "2023.06.13"]
[Round "1"]
[White "Khoroshev, Nikita"]
[Black "Ozalp, Burak"]
[Result "1-0"]
[WhiteElo "2336"]
[BlackElo "2183"]
[PlyCount "135"]
[EventDate "2023.06.13"]
[EventType "swiss (blitz)"]
[EventRounds "11"]
[EventCountry "USA"]
[SourceTitle "EXT 2024"]
[Source "ChessBase"]
[SourceDate "2023.10.10"]
[SourceVersion "1"]
[SourceVersionDate "2023.10.10"]
[SourceQuality "1"]

1. e4 c6 2. Nf3 d5 3. Nc3 dxe4 4. Nxe4 Nf6 5. Nxf6+ exf6 6. Bc4 Bd6 7. Qe2+ Qe7 8. Qxe7+ Bxe7 9. 0-0 0-0 10. Re1 Bd6 11. h3 Bf5 12. d3 Nd7 13. Nh4 Bg6 14. Nxg6 hxg6 15. Bd2 a5 16. a4 Rfe8 17. Rxe8+ Rxe8 18. Kf1 Bb4 19. c3 Bd6 20. d4 f5 21. Re1 Rb8 22. Bd3 Nf6 23. c4 Bb4 24. Bxb4 axb4 25. Bc2 Kf8 26. Rd1 Rd8 27. Ke2 Ke7 28. Kd3 Kd6 29. Re1 b6 30. Re2 Re8 31. Rxe8 Nxe8 32. Bb3 c5 33. Bd1 Nc7 34. dxc5+ Kxc5 35. Bf3 Ne8 36. Bd5 Nd6 37. b3 f6 38. h4 g5 39. hxg5 fxg5 40. Be6 g6 41. f3 Nb7 42. Bf7 Na5 43. Kc2 f4 44. Bxg6 Kd4 45. Bf7 Ke3 46. Bd5 Kf2 47. c5 bxc5 48. Kd3 Kxg2 49. Ke4 Kf2 50. Kf5 Ke3 51. Kxg5 Kd4 52. Be6 c4 53. bxc4 Nxc4 54. Kxf4 b3 55. Bf5 Ne3 56. Be4 b2 57. a5 Nd5+ 58. Kg5 Nb4 59. Bb1 Ke5 60. f4+ Ke6 61. Kg6 Ke7 62. Kg7 Nc6 63. a6 Na7 64. f5 Nc8 65. f6+ Ke6 66. f7 Ne7 67. f8Q Nf5+ 68. Kh8 1-0

[Event "Titled Tuesday intern op 14th Mar Early"]
[Site "Chess.com INT"]
[Date "2023.03.14"]
[Round "6"]
[White "Sokac, Marko"]
[Black "Khoroshev, Nikita"]
[Result "1-0"]
[WhiteElo "2265"]
[BlackElo "2336"]
[PlyCount "97"]
[EventDate "2023.03.14"]
[EventType "swiss (blitz)"]
[EventRounds "11"]
[EventCountry "USA"]
[SourceTitle "EXT 2024"]
[Source "ChessBase"]
[SourceDate "2023.10.10"]
[SourceVersion "1"]
[SourceVersionDate "2023.10.10"]
[SourceQuality "1"]

1. e4 c5 2. a3 e6 3. b4 cxb4 4. axb4 Bxb4 5. c3 Be7 6. d4 d5 7. e5 f5 8. Nf3 Nh6 9. h4 Nf7 10. Ng5 g6 11. Bb5+ Nc6 12. f4 h6 13. Nf3 a6 14. Be2 b5 15. Bxb5 Qb6 16. Be2 a5 17. Ba3 Ba6 18. Bxe7 Nxe7 19. Nbd2 Bxe2 20. Qxe2 0-0 21. h5 g5 22. fxg5 hxg5 23. h6 g4 24. h7+ Kh8 25. Nh4 Qb2 26. 0-0 Qxc3 27. Qf2 Rac8 28. Rab1 Rc7 29. Rb6 Rc6 30. Rb7 Rc7 31. Rb6 Nd8 32. Qf4 Rf7 33. Nb3 g3 34. Rc1 Qxc1+ 35. Nxc1 Nec6 36. Qh6 Rg7 37. Ng6+ Rxg6 38. Qxg6 Rxh7 39. Rxc6 Nxc6 40. Qe8+ Kg7 41. Qxc6 Rh4 42. Ne2 Re4 43. Nxg3 Rxd4 44. Qxe6 f4 45. Qf6+ Kg8 46. Nf5 Rd1+ 47. Kf2 Rd2+ 48. Ke1 a4 49. Qg7# 1-0

[Event "Titled Tuesday intern op 31st Jan Late"]
[Site "Chess.com INT"]
[Date "2023.01.31"]
[Round "3"]
[White "Gasparyan, Davit"]
[Black "Khoroshev, Nikita"]
[Result "0-1"]
[WhiteElo "2092"]
[BlackElo "2336"]
[PlyCount "76"]
[EventDate "2023.01.31"]
[EventType "swiss (blitz)"]
[EventRounds "11"]
[EventCountry "USA"]
[SourceTitle "CBM 212 Extra"]
[Source "ChessBase"]
[SourceDate "2023.03.31"]
[SourceVersion "1"]
[SourceVersionDate "2023.03.31"]
[SourceQuality "1"]

1. e3 d5 2. d4 c5 3. c3 Nc6 4. Bd3 e5 5. dxe5 Nxe5 6. Bb5+ Bd7 7. Qxd5 Bxb5 8. Qxe5+ Be7 9. a4 Bf1 10. Qxg7 Bf6 11. Qg4 Bd3 12. e4 h5 13. Qf3 Qd7 14. Be3 0-0-0 15. Nd2 Be5 16. Ne2 Nf6 17. Nf4 Ba6 18. Rd1 Qxa4 19. b3 Qc6 20. c4 Bc3 21. Nd5 Nxd5 22. exd5 Qg6 23. 0-0 b6 24. Ne4 Be5 25. Bf4 Bd4 26. Be3 Be5 27. Rd2 f5 28. Ng5 Rhg8 29. Ne6 Rde8 30. Ra2 Bb7 31. Rxa7 Rxe6 32. Rxb7 Kxb7 33. dxe6+ Kc7 34. Bf4 Qf6 35. Re1 Bxf4 36. Qxf4+ Kc8 37. e7 Re8 38. Ra1 Qxa1+ 0-1

[Event "Titled Tuesday intern op 31st Jan Late"]
[Site "Chess.com INT"]
[Date "2023.01.31"]
[Round "1"]
[White "Khoroshev, Nikita"]
[Black "Ljubarov, Mark"]
[Result "1-0"]
[WhiteElo "2336"]
[BlackElo "2291"]
[PlyCount "111"]
[EventDate "2023.01.31"]
[EventType "swiss (blitz)"]
[EventRounds "11"]
[EventCountry "USA"]
[SourceTitle "CBM 212 Extra"]
[Source "ChessBase"]
[SourceDate "2023.03.31"]
[SourceVersion "1"]
[SourceVersionDate "2023.03.31"]
[SourceQuality "1"]

1. e4 c6 2. Nf3 d5 3. Nc3 dxe4 4. Nxe4 Nf6 5. Nxf6+ exf6 6. Bc4 Bd6 7. Qe2+ Qe7 8. Qxe7+ Kxe7 9. 0-0 Be6 10. Re1 Re8 11. Nd4 Kd7 12. Nxe6 fxe6 13. d4 b5 14. Bd3 g6 15. a3 Na6 16. b3 Nc7 17. c4 a6 18. Bd2 e5 19. dxe5 Bxe5 20. Rad1 Rad8 21. Ba5 Kc8 22. g3 Kb7 23. a4 Bd4 24. cxb5 Rxe1+ 25. Rxe1 cxb5 26. Be4+ Kb8 27. Kg2 Re8 28. Bc6 Rxe1 29. Bxe1 bxa4 30. bxa4 Ne6 31. Ba5 Be5 32. f4 Bc7 33. Bc3 Bd8 34. Kf3 Kc7 35. Be8 Kd6 36. Bb4+ Nc5 37. Ke3 a5 38. Ba3 Kd5 39. Bf7+ Kc6 40. Kd4 Nd7 41. Bd5+ Kc7 42. Bg8 h6 43. g4 Kc6 44. Bd5+ Kc7 45. Bf7 g5 46. f5 Kc6 47. Be8 Bb6+ 48. Kc4 Bg1 49. h3 Kc7 50. Bxd7 Kxd7 51. Kd5 Bb6 52. Bb2 Bd8 53. Bd4 Kc7 54. Ke6 Kc6 55. Bxf6 Bxf6 56. Kxf6 1-0

[Event "Titled Tuesday intern op 03rd Jan Early"]
[Site "Chess.com INT"]
[Date "2023.01.03"]
[Round "7"]
[White "Indjic, Aleksandar"]
[Black "Khoroshev, Nikita"]
[Result "0-1"]
[WhiteElo "2641"]
[BlackElo "2336"]
[PlyCount "124"]
[EventDate "2023.01.03"]
[EventType "swiss (blitz)"]
[EventRounds "11"]
[EventCountry "USA"]
[SourceTitle "EXT 2024"]
[Source "ChessBase"]
[SourceDate "2023.10.10"]
[SourceVersion "1"]
[SourceVersionDate "2023.10.10"]
[SourceQuality "1"]

1. e4 c5 2. Nf3 e6 3. d4 cxd4 4. Nxd4 Nf6 5. Nc3 Nc6 6. a3 d5 7. Bb5 Bd7 8. exd5 exd5 9. 0-0 Be7 10. Re1 0-0 11. Bg5 h6 12. Bh4 Re8 13. Nxc6 bxc6 14. Bd3 Qb6 15. b4 Ng4 16. Rxe7 Rxe7 17. Na4 Qc7 18. Bg3 Qd8 19. Nc5 Ne5 20. h3 Be8 21. Bf1 a5 22. Bxe5 Rxe5 23. Nb7 Qc7 24. Nxa5 c5 25. Nb3 cxb4 26. axb4 Rxa1 27. Qxa1 Re4 28. Nd4 Qe5 29. c3 Re1 30. Qb2 Qe4 31. f3 Qe3+ 32. Qf2 Qxc3 33. Ne2 Qa1 34. Nd4 Rb1 35. b5 Rd1 36. Nc2 Qb2 37. Ne3 Qxf2+ 38. Kxf2 Rb1 39. Nxd5 Bxb5 40. Bxb5 Rxb5 41. Nf4 Rb4 42. Kg3 g6 43. h4 Kg7 44. Nd3 Ra4 45. Nc5 Ra3 46. Ne4 f5 47. Nf2 Kf6 48. Nh3 Ra4 49. Nf4 g5 50. hxg5+ hxg5 51. Nh3 Kg6 52. f4 Ra3+ 53. Kf2 g4 54. Ng1 g3+ 55. Ke2 Kh5 56. Nf3 Kg4 57. Nd4 Kxf4 58. Ne6+ Kg4 59. Nd4 Ra2+ 60. Kf1 f4 61. Nf3 Rf2+ 62. Kg1 Rxf3 0-1

[Event "Titled Tuesday intern op 03rd Jan Early"]
[Site "Chess.com INT"]
[Date "2023.01.03"]
[Round "10"]
[White "Kobalia, Mihail"]
[Black "Khoroshev, Nikita"]
[Result "1/2-1/2"]
[WhiteElo "2577"]
[BlackElo "2336"]
[PlyCount "154"]
[EventDate "2023.01.03"]
[EventType "swiss (blitz)"]
[EventRounds "11"]
[EventCountry "USA"]
[SourceTitle "EXT 2024"]
[Source "ChessBase"]
[SourceDate "2023.10.10"]
[SourceVersion "1"]
[SourceVersionDate "2023.10.10"]
[SourceQuality "1"]

1. e4 c5 2. Nf3 e6 3. d4 cxd4 4. Nxd4 Nf6 5. Nc3 Nc6 6. Ndb5 Bb4 7. a3 Bxc3+ 8. Nxc3 d5 9. exd5 exd5 10. Bd3 0-0 11. 0-0 Bg4 12. f3 Bh5 13. Kh1 d4 14. Ne2 Nd5 15. Nf4 Nxf4 16. Bxf4 Bg6 17. Re1 Qd5 18. Qe2 Bxd3 19. cxd3 f6 20. Kg1 Rfe8 21. Qc2 Kf7 22. Re4 f5 23. Rxe8 Rxe8 24. Kf2 h6 25. h4 a5 26. h5 Re6 27. Rc1 Ke7 28. Qc5+ Qxc5 29. Rxc5 Kf6 30. Rb5 Re7 31. Rd5 Ke6 32. Rd6+ Kf7 33. Bd2 Re6 34. Rd5 Kf6 35. Bxa5 Re3 36. Rb5 Rxd3 37. Be1 Rd1 38. Ke2 Rb1 39. Bh4+ Ke6 40. Rxb7 Ne5 41. Bg3 Nc4 42. Rb4 Rxb2+ 43. Rxb2 Nxb2 44. Be1 Kd5 45. Bb4 Nc4 46. Bf8 Ne3 47. g3 f4 48. g4 Kc4 49. Bxg7 d3+ 50. Kd2 Nf1+ 51. Ke1 Nh2 52. Bxh6 Nxf3+ 53. Kd1 Ne5 54. Bxf4 Nxg4 55. h6 Nxh6 56. Bxh6 Kb3 57. Bf8 Ka4 58. Bb4 d2 59. Kxd2 Kb5 60. Kd3 Ka6 61. Kd4 Kb7 62. Kd5 Ka8 63. Kc5 Kb7 64. Kb5 Ka8 65. Ka6 Kb8 66. Bc5 Ka8 67. Bb6 Kb8 68. Ba7+ Ka8 69. Bb6 Kb8 70. Bc7+ Ka8 71. Bb8 Kxb8 72. Kb5 Ka8 73. a4 Kb8 74. a5 Ka8 75. a6 Kb8 76. a7+ Ka8 77. Kc5 Kxa7 1/2-1/2

[Event "Titled Tuesday intern op 27th Dec Early"]
[Site "Chess.com INT"]
[Date "2022.12.27"]
[Round "11"]
[White "Andreev, Eduard"]
[Black "Khoroshev, Nikita"]
[Result "1/2-1/2"]
[WhiteElo "2413"]
[BlackElo "2336"]
[PlyCount "129"]
[EventDate "2022.12.27"]
[EventType "swiss (blitz)"]
[EventRounds "11"]
[EventCountry "USA"]
[SourceTitle "EXT 2024"]
[Source "ChessBase"]
[SourceDate "2023.10.10"]
[SourceVersion "1"]
[SourceVersionDate "2023.10.10"]
[SourceQuality "1"]

1. e4 e6 2. d4 d5 3. exd5 exd5 4. Nf3 Nc6 5. Bd3 Bd6 6. 0-0 Nge7 7. Re1 0-0 8. Bg5 f6 9. Bh4 Bf5 10. c3 Qd7 11. Bg3 Rfe8 12. Qc2 Bxd3 13. Qxd3 Qf5 14. Qxf5 Nxf5 15. Nbd2 Bxg3 16. hxg3 Nd6 17. Rxe8+ Rxe8 18. Re1 Kf7 19. Rxe8 Kxe8 20. Kf1 Kd7 21. Ke2 Ke6 22. Kd3 b6 23. Ng1 Na5 24. b3 c5 25. dxc5 bxc5 26. Ne2 g5 27. g4 Nc6 28. f3 Ne5+ 29. Ke3 a5 30. Nc1 Nb5 31. Ne2 h6 32. Nf1 Nc6 33. Nfg3 d4+ 34. Kd2 Nd6 35. cxd4 cxd4 36. Nh5 Ke5 37. g3 f5 38. gxf5 Nxf5 39. f4+ gxf4 40. Nexf4 Ke4 41. a3 Kf3 42. Ne6 Nxg3 43. Nxg3 Kxg3 44. b4 axb4 45. axb4 Nxb4 46. Nxd4 h5 47. Ke2 Kg2 48. Nf5 Nd5 49. Nh4+ Kg3 50. Ng6 Nf6 51. Kf1 Ng4 52. Kg1 Ne3 53. Kh1 Kg4 54. Kg1 Kg5 55. Ne5 Kf5 56. Nf3 Kf4 57. Nh4 Ng4 58. Ng6+ Kg5 59. Nf8 h4 60. Ne6+ Kf5 61. Nd4+ Ke4 62. Ne2 Kf3 63. Nd4+ Kg3 64. Nf5+ Kh3 65. Nxh4 1/2-1/2

[Event "Titled Tuesday intern op 27th Dec Early"]
[Site "Chess.com INT"]
[Date "2022.12.27"]
[Round "1"]
[White "Guha, Eshan"]
[Black "Khoroshev, Nikita"]
[Result "0-1"]
[WhiteElo "2071"]
[BlackElo "2336"]
[PlyCount "152"]
[EventDate "2022.12.27"]
[EventType "swiss (blitz)"]
[EventRounds "11"]
[EventCountry "USA"]
[SourceTitle "EXT 2024"]
[Source "ChessBase"]
[SourceDate "2023.10.10"]
[SourceVersion "1"]
[SourceVersionDate "2023.10.10"]
[SourceQuality "1"]

1. d4 Nf6 2. c4 g6 3. g3 Bg7 4. Bg2 0-0 5. Nc3 d6 6. Nf3 Bf5 7. 0-0 c6 8. Ng5 h6 9. e4 Bc8 10. Nf3 Nbd7 11. h3 e5 12. Be3 Qe7 13. Re1 Ne8 14. Qd2 Kh7 15. Rad1 f5 16. exf5 gxf5 17. dxe5 dxe5 18. Qc2 e4 19. Nh4 Ne5 20. Nxe4 fxe4 21. Qxe4+ Kg8 22. Bd4 Nd6 23. Qe2 Ndf7 24. f4 Be6 25. fxe5 Qg5 26. Kh2 Rad8 27. Nf3 Qh5 28. b3 Bg4 29. Qe4 Bf5 30. Qe3 c5 31. Bxc5 Rxd1 32. Rxd1 Nxe5 33. Nxe5 Qxd1 34. Bxf8 Kxf8 35. Qc5+ Ke8 36. Qc7 Bf6 37. Qb8+ Ke7 38. Qxb7+ Kd6 39. Nf3 Qe2 40. Qb4+ Kc7 41. Qc5+ Kb8 42. Qf8+ Kc7 43. Qxf6 Be4 44. Qe5+ Kb6 45. Qd4+ Kc7 46. Qe5+ Kb6 47. Qf4 Bd3 48. Qd4+ Kc7 49. Qc5+ Kb8 50. Qd6+ Kc8 51. Qc6+ Kb8 52. Qd6+ Kc8 53. Qe5 Qf2 54. Qf4 Bf1 55. Qg4+ Kb8 56. Qf4+ Kc8 57. Qf5+ Kb8 58. Qe5+ Kc8 59. Nh4 Bxg2 60. Nxg2 Qxa2 61. Qc5+ Kb8 62. Qd6+ Kb7 63. Qd7+ Kb8 64. Qd8+ Kb7 65. Qd7+ Kb8 66. Qb5+ Kc8 67. Qe8+ Kb7 68. Qe7+ Kb8 69. Qe5+ Kb7 70. Qg7+ Kb8 71. Qxh6 Qxb3 72. Qf4+ Kb7 73. c5 a5 74. Qf7+ Qxf7 75. c6+ Kxc6 76. Nf4 Qa2+ 0-1

[Event "Titled Tuesday intern op 27th Dec Early"]
[Site "Chess.com INT"]
[Date "2022.12.27"]
[Round "5"]
[White "Ronka, Erik"]
[Black "Khoroshev, Nikita"]
[Result "1-0"]
[WhiteElo "2253"]
[BlackElo "2336"]
[PlyCount "71"]
[EventDate "2022.12.27"]
[EventType "swiss (blitz)"]
[EventRounds "11"]
[EventCountry "USA"]
[SourceTitle "EXT 2024"]
[Source "ChessBase"]
[SourceDate "2023.10.10"]
[SourceVersion "1"]
[SourceVersionDate "2023.10.10"]
[SourceQuality "1"]

1. d4 Nf6 2. Nf3 g6 3. g3 Bg7 4. Bg2 0-0 5. Kf1 d6 6. b3 c6 7. Bb2 Bf5 8. Nbd2 Ne4 9. Nh4 Nxd2+ 10. Qxd2 Qd7 11. Nxf5 Qxf5 12. e4 Qg4 13. h3 Qd7 14. Kg1 c5 15. c3 Nc6 16. Kh2 cxd4 17. cxd4 Rac8 18. Rac1 e6 19. d5 Bxb2 20. Qxb2 Ne5 21. Qd4 Qe7 22. Rhd1 Rfd8 23. f4 Nd7 24. dxe6 Rxc1 25. Rxc1 Qxe6 26. Qxa7 Nc5 27. e5 Nd3 28. Rd1 dxe5 29. Qe3 Ra8 30. Rxd3 Rxa2 31. Qxe5 Qb6 32. Qe8+ Kg7 33. Qe3 Qc6 34. Rd2 Ra1 35. Bxc6 bxc6 36. Qe5+ 1-0

[Event "Titled Tuesday intern op 20th Dec Early"]
[Site "Chess.com INT"]
[Date "2022.12.20"]
[Round "5"]
[White "Khoroshev, Nikita"]
[Black "Blanco Acevedo, Cristobal Jose"]
[Result "1-0"]
[WhiteElo "2336"]
[BlackElo "2325"]
[PlyCount "75"]
[EventDate "2022.12.20"]
[EventType "swiss (blitz)"]
[EventRounds "11"]
[EventCountry "USA"]
[SourceTitle "EXT 2024"]
[Source "ChessBase"]
[SourceDate "2023.10.10"]
[SourceVersion "1"]
[SourceVersionDate "2023.10.10"]
[SourceQuality "1"]

1. d4 Nf6 2. c4 e6 3. Nf3 d5 4. Nc3 Bb4 5. Qa4+ Nc6 6. e3 0-0 7. Bd2 a5 8. a3 Bd6 9. c5 Be7 10. b4 Bd7 11. b5 Nb8 12. Bd3 Be8 13. Ne5 Nfd7 14. f4 f6 15. Nf3 c6 16. 0-0 e5 17. fxe5 fxe5 18. Qc2 e4 19. Nxe4 dxe4 20. Bxe4 Nf6 21. Bd3 Nbd7 22. bxc6 bxc6 23. e4 Bg6 24. Rae1 h6 25. Qc4+ Kh8 26. Bb1 Rb8 27. Nh4 Bf7 28. Qc2 Bb3 29. Qd3 Bf7 30. Nf5 Nxc5 31. Qh3 Rxb1 32. Rxb1 Ncxe4 33. Bxh6 Nh5 34. Bxg7+ Kh7 35. Be5 Bg5 36. g4 Rg8 37. Rb7 Qe8 38. Qxh5+ 1-0